Real cédula por la qual su Majestad funda un colegio de nobles americanos en la ciudad de Granada. (Record no. 42269)

MARC details
000 -LEADER
campo de control de longitud fija 00543nam a2200169 i 4500
001 - NÚMERO DE CONTROL
campo de control 42269
003 - IDENTIFICADOR DE NÚMERO DE CONTROL
campo de control ES-MaACL
005 - FECHA Y HORA DE LA ÚLTIMA TRANSACCIÓN
campo de control 20240926201249.0
007 - CAMPO FIJO DE DESCRIPCIÓN FÍSICA--INFORMACIÓN GENERAL
campo de control de longitud fija t|
008 - DATOS DE LONGITUD FIJA--INFORMACIÓN GENERAL
campo de control de longitud fija 030313s1969 sp ||||1| spa d
245 00 - MENCIÓN DEL TÍTULO
Título Real cédula por la qual su Majestad funda un colegio de nobles americanos en la ciudad de Granada.
250 ## - MENCION DE EDICION
Mención de edición Ed. facsimil.
260 ## - PUBLICACIÓN, DISTRIBUCIÓN, ETC.
Lugar de publicación, distribución, etc. Madrid :
Nombre del editor, distribuidor, etc. Vda. de Ibarra,
Fecha de publicación, distribución, etc. 1792 (
Lugar de fabricación/manufactura Almería, Granada :
Fabricante Imp. R. Ubeda,
Fecha de fabricación/manufactura 1969)
300 ## - DESCRIPCIÓN FÍSICA
Extensión 50 p. ;
Dimensiones 31 p.
852 ## - LOCALIZACIÓN
Ubicación ES-MaACL
Número de control de estantería C-35734
Sublocalización o colección R.68480
942 ## - ELEMENTOS DE ENTRADA SECUNDARIOS (KOHA)
Fuente del sistema de clasificación o colocación Clasificación decimal universal
Tipo de ítem Koha Libro impreso
Holdings
Estatus retirado Estado de pérdida Fuente del sistema de clasificación o colocación Estado de daño No para préstamo Biblioteca de origen Biblioteca actual Ubicación en estantería Fecha de adquisición Total de préstamos Signatura topográfica completa Código de barras Visto por última vez Tipo de ítem Koha
    Clasificación decimal universal     Biblioteca del Ateneo de Madrid Biblioteca del Ateneo de Madrid Depósito 2 17/01/2008   C-35734 1044484 23/02/2023 Libro impreso